O llevarás luto por mí

שמור ב:
מידע ביבליוגרפי
Main Authors: Lapierre, Dominique (Author), Collins, Larry (Author)
פורמט: ספר
שפה:ספרדית
יצא לאור: Bogotá Plaza and Janes 1992
נושאים:
תגים: הוספת תג
אין תגיות, היה/י הראשונ/ה לתייג את הרשומה!

MARC

LEADER 00000nam a2200000 a 4500
001 UCT8229
003 CL-VaPUC
008 970326e19920000CK |||||||||||||||||spa|d
082 0 4 |a 843  |b LAP  |2 21 
100 |a Lapierre, Dominique  |e author  |9 588816 
700 0 |a Collins, Larry  |e author  |9 379813 
245 1 0 |a O llevarás luto por mí 
300 |a 494 p 
942 |c BK 
945 |d 19970326 00:00:00  |a nastorga 
260 |a Bogotá  |b Plaza and Janes  |c 1992 
650 0 |a Novela francesa  |9 264985 
583 |a last modification  |c 19970326 00:00:00  |k Rodrigo Vera 
999 |c 256748  |d 256746 
952 |0 0  |1 0  |4 0  |6 843_000000000000000_LAP_1992  |7 0  |8 A  |9 279669  |a BIBCUR  |b BIBCUR  |d 2019-11-19  |i 3291715  |o 843 LAP 1992  |p 3291715  |r 2025-04-22  |w 2019-11-19  |y BK  |k PER